000 00460nam a2200181Ia 4500
001 3797
005 20260306145709.0
008 260306t1988||||xx |||||||||||||| ||spa||
041 _aESP
082 _a303.483
_bS15
100 _aSagasti, Francisco R.
_eAUT
245 0 _aConocimiento y desarrollo:
_bensayo sobre ciencia y tecnologĂ­a
260 _c1988
300 _a162 páginas :
_c20 cm.
650 _aGEN
654 _aCHU
942 _cLIB
_dJUS
_fJUS
_2ddc
_n
999 _c3797
_d3797